Schnelle Mathematik: Vielfachen von 19 - Statistiken

Allgemein
  • Dieses Quiz wurde 285 mal gespielt
  • Das Durchschnittsergebnis liegt bei 6 aus 10
Antwortstatistiken
Hint Antwort % Korrekt
1*19 19
100%
2*19 38
98%
3*19 57
81%
4*19 76
74%
5*19 95
57%
6*19 114
45%
7*19 133
34%
8*19 152
30%
10*19 190
28%
9*19 171
23%
Keine übereinstimmenden Quizze gefunden
Verteilung der Resultate
Anzahl Personen mit jedem Resultat
Perzentil nach korrekt beantworteten Fragen
Ihre Resultats-Entwicklung
Sie haben dieses Quiz noch nicht gespielt